Quizzes
Events
Quiz Creation
Community
Videos
Private Events
Remove Ads
Sign In
Join for FREE
Feedback
Dark Mode
Quiz Categories
Sports
Geography
Music
Movies
Television
Just For Fun
Miscellaneous
History
Literature
Language
Science
Gaming
Entertainment
Religion
Holiday
For Kids
Quiz Lab
Recent
Popular Today
Quiz Kudos Today
Editor Picks
Curator Picks
Quizzes by...
Day
Popularity
Type
Ratings
Length
Year
Community
Subscriptions
Recent Discussions
Orange Saloon
Badges
Playlists
Quests
Create
Leaderboards
Showdown
Live 5
Trivia Bingo
Activity
Puzzle Library
Sporcle Events
Private Events
Virtual Trivia
Globe League
Become a Host
Pub Owners
SporcleCon
Opinionation
Our Games
Videos
Blog
Mobile Apps
Partnerships
Remove Ads and Go Orange
Feedback
Sports
Athletes
MLB
NBA
NHL
NFL
Soccer
Sports Teams
WWE
NCAA
Football
Premier League
Basketball
Baseball
Hockey
Golf
Tennis
Cricket
Rugby
Auto Racing
Olympics
World Cup
Sports
Athletes
MLB
NBA
NHL
NFL
Soccer
Sports Teams
WWE
NCAA
Football
Premier League
Basketball
Baseball
Hockey
Golf
Tennis
Cricket
Rugby
Auto Racing
Olympics
World Cup
Random Quiz
Search Sporcle
×
Quiz Lab
Quiz Lab
Sports
MLB
Type in answers that appear in a list
Type in answers that appear in a list
Classic
Best Score? Go Orange.
2012 MLB Batting Leaders Stats
Can you name the 2012 MLB Batting Leaders?
By
mrun41
10m
152 Questions
3,011 Plays
3,011 Plays
3,011 Plays
Comments
Comments
Give Quiz Kudos
Give Quiz Kudos
-
- Ratings
hide this ad
Replay
Link that replays current quiz
Next Quiz
Link to next quiz in quiz playlist
You Got
0%
They Got
Avg Score
75%
Avg Friend Score
Upgrade to see
Score Distribution
Jump to the score distribution portion of the page
Score
0/152
Timer
10:00
0
Plays Today
% Correct
Miguel Cabrera
98.7%
Miguel Cabrera
98.7%
Miguel Cabrera
98.7%
Miguel Cabrera
98.7%
Miguel Cabrera
98.7%
Miguel Cabrera
98.7%
Miguel Cabrera
98.7%
Miguel Cabrera
98.7%
Everth Cabrera
98.2%
Derek Jeter
97.1%
Derek Jeter
97.1%
Derek Jeter
97.1%
Mike Trout
97%
Mike Trout
97%
Mike Trout
97%
Mike Trout
97%
Mike Trout
97%
Mike Trout
97%
Ryan Braun
96.5%
Ryan Braun
96.5%
Ryan Braun
96.5%
Ryan Braun
96.5%
Ryan Braun
96.5%
Ryan Braun
96.5%
Ryan Braun
96.5%
Ryan Braun
96.5%
Josh Hamilton
96.1%
Josh Hamilton
96.1%
Josh Hamilton
96.1%
Josh Hamilton
96.1%
Buster Posey
95.5%
Buster Posey
95.5%
Buster Posey
95.4%
Buster Posey
95.4%
Andrew McCutchen
95.2%
Andrew McCutchen
95.2%
Andrew McCutchen
95.2%
Andrew McCutchen
95.2%
Andrew McCutchen
95.2%
Andrew McCutchen
95.2%
Andrew McCutchen
95.2%
Joe Mauer
94%
Joe Mauer
93.9%
Joe Mauer
93.9%
Adrián González
91.2%
Adrián González
91.2%
Adrián González
91.2%
Adrián González
91.2%
Prince Fielder
90.9%
Prince Fielder
90.9%
Prince Fielder
90.9%
% Correct
Prince Fielder
90.8%
Adrián Beltré
90.8%
Adrián Beltré
90.8%
Adrián Beltré
90.8%
Adrián Beltré
90.8%
Adrián Beltré
90.8%
Giancarlo Stanton
88.9%
Curtis Granderson
88.1%
Curtis Granderson
88.1%
Adam Dunn
88%
Adam Dunn
88%
Adam Dunn
88%
Robinson Canó
87.4%
Robinson Canó
87.4%
Robinson Canó
87.4%
Robinson Canó
87.4%
Robinson Canó
87.4%
Edwin Encarnación
86.6%
Edwin Encarnación
86.6%
Edwin Encarnación
86.6%
Edwin Encarnación
86.6%
Adam Jones
86.1%
Joey Votto
86.1%
Adam Jones
86.1%
Joey Votto
86.1%
Adam Jones
86.1%
Albert Pujols
85.4%
Alex Gordon
77.2%
Alex Gordon
77.2%
Alex Gordon
77.2%
Dee Gordon
76.9%
Ian Kinsler
76.7%
Ian Kinsler
76.7%
Jay Bruce
76%
Ichiro Suzuki
74.7%
Justin Upton
74.1%
B.J. Upton
74%
Chris Davis
73.4%
Rajai Davis
73.4%
Rajai Davis
73.4%
Jimmy Rollins
73.3%
Alfonso Soriano
72.7%
Aramis Ramírez
70.9%
Billy Butler
70.9%
Billy Butler
70.9%
Chase Headley
70.6%
Chase Headley
70.6%
Chase Headley
70.6%
Aramis Ramírez
70.1%
José Reyes
69.3%
José Reyes
69.3%
% Correct
José Reyes
69.3%
José Reyes
69.3%
Yadier Molina
68.7%
Elvis Andrus
68.5%
Elvis Andrus
68.5%
Elvis Andrus
68.5%
Nelson Cruz
67.7%
Carlos Peña
67.1%
Carlos Peña
67.1%
David Wright
66.6%
David Wright
66.6%
Starlin Castro
64.9%
Starlin Castro
64.9%
Starlin Castro
64.9%
Bryce Harper
62.2%
Austin Jackson
61.7%
Austin Jackson
61.7%
Josh Willingham
61.5%
Josh Willingham
61.5%
Michael Bourn
59.3%
Michael Bourn
59.3%
Michael Bourn
59.3%
Paul Goldschmidt
56.8%
Ben Zobrist
56.3%
Ben Zobrist
56.3%
Ángel Pagán
49.7%
Dan Uggla
48.4%
Dan Uggla
48.4%
J.J. Hardy
48.1%
Rickie Weeks
47.7%
Shane Victorino
46.7%
Dexter Fowler
45.6%
Dexter Fowler
44.3%
Juan Pierre
44.2%
Shin-Soo Choo
42.9%
Coco Crisp
41.6%
Carlos Santana
41.4%
Pedro Álvarez
41.1%
Carlos Gómez
40.5%
Aaron Hill
38.4%
Marco Scutaro
35.9%
Ben Revere
31.9%
Drew Stubbs
29.9%
Danny Espinosa
28.1%
Miguel Montero
27.9%
José Altuve
27.1%
Alejandro de Aza
19%
José Tabata
12.2%
Tyler Colvin
10.5%
Willie Bloomquist
7%
Quiz Playlist
Details
Report
Send in Message
Add To Playlist
Classic:
Type in answers that appear in a list
Quiz Source
Last Updated: Feb 16, 2017
Quiz Scoreboard
CHALLENGE
Sign Up to Join the Scoreboard
Show All
Scores
Hide
Comments
May contain spoilers
Recently Published
An Introduction to Baseball
by treessimontrees
Sports
5m
Movies - When Are They Set?
by FPL_Elf
Movies
5m
Popular People in 1961
by mucciniale
History
6m
More to Explore
Quiz From the Vault
Featured Blog Post
Where Did the Easter Bunny Come From?
hide this ad
You Might Also Like...
Tags
Baseball Quiz
MLB Quiz
2012
Batting
Batting Leaders
Hits Leaders
Statistical Leaders
Today's Top Quizzes in Sports
Browse Sports
hide this ad
Today's Top Quizzes in MLB
Browse MLB
Top Contributed Quizzes in Sports
1
Les meilleurs buteurs des matchs entre le PSG et l’OM
2
2022 World Cup Stars
3
FIFA Club World Cup Champions
4
Les entraîneurs de l'OM et du PSG au 21e siècle
5
Name the Premier League winners with different clubs
6
La finale Lions - Afrique du Sud 2021
7
Les joueurs passés par le LOSC et le RC Lens
8
Criteria MLB: Left Handed Sluggers
9
Players with Multiple 50 Home Run Seasons
10
5-to-1: UK Sports Teams
Explore More
Trending Topics
Disney
Anime
Harry Potter
Marvel
Crossword
NBA
Kpop
Country
Pokémon
WWE
Song
NFL
Puzzle
The Office
Soccer
hide this ad
More By:
mrun41
Quiz
Plays
Rating
Category
Featured
Created
2013 Weekend Box Office #1's
22,823
4.23
Movies
May 23, 2013
2012 MLB Batting Leaders
3,011
4.56
Sports
Oct 5, 2012
2010 AP Preseason Poll
2,961
3.86
Sports
Aug 21, 2010
Black/White or Color?
2,116
4.27
Movies
Apr 29, 2013
2014 Weekend Box Office #1's
917
4.36
Movies
Jul 21, 2014
Go to Creator's Profile
Score Distribution
Quiz Creator Spotlight
mrun41
Follow
Send a Message
Quizzes Created
-
Created Quiz Play Count
-
More By This Creator
Popular Quizzes Today
1
Find the Countries of Europe - No Outlines Minefield
2
Find the US States - No Outlines Minefield
3
The Countries of the World
4
Popular People in 1961
5
US States
6
Find the US States
7
1-10 Letter E Words III
8
Risky Map Clicking: Biggest States A-Z
More Sports Quizzes
Formula 1 - Most Champions on the Grid
Quiz Lab
Trending Quizzes
Risky Map Clicking: Least Populous States A-Z
1-10 Letter F Words
1-10 Letter G Words
One Thing in Common: United Kingdom
Not Quite an Element Typing Challenge
Recently Updated
Leaping Animals
pecheneg
Reality TV Shows (A-Z)
bhenderson79
Rickey Henderson's Hall of Fame Teammates
pecheneg
Champions League XIs: Arsenal
pecheneg
Quick Pick: Celebrities in WWE's Hall of Fame
aduchscher
A-Z Keypad Blitz II
pecheneg
Multiple Oscar Actors
pecheneg
Mystery Phrase Blitz: Oscar 'Best Actors'
pecheneg
F. Scott Fitzgerald Novels
LTH
Pick 3 Villains
ddd62291
Trending Topics
Anime
Marvel
Disney
Kpop
Harry Potter
Crossword
NBA
NFL
Country
Soccer
Song
Pokémon
WWE
The Office
Puzzle
Your Account Isn't Verified!
In order to create a playlist on Sporcle, you need to verify the email address you used during registration. Go to your
Sporcle Settings
to finish the process.
Report this User
Report this user for behavior that violates our
Community Guidelines
.
Details:
Send Report
Go to the Sporcle.com Mobile Site →
Comments